000 00426nam a2200169Ia 4500
005 20250326105732.0
008 231217s9999 xx 000 0 und d
020 _a9788120321090
082 _a650 VEL;1 R
100 _aVelasquez, Manuel G.
245 0 _aBusiness ethics : concepts and cases
250 _a5th ed.
260 _c2002
_bPHI
_aNew Delhi
300 _axvi, 528
650 _aBusiness,ethics
942 _cAA
999 _c186874
_d186874